00297 a2200109 450000100060000004000220000610000280002824000480005624500430010436200090014765000310015664667 cAnchieta - Pituba aAZEVEDO, Shirley Bomfim10a2ª Avaliação de Inglês, 7º anolpor10a2ª Avaliação de Inglês, 7º ano0 a2018 4aInglês e inglês antigo